000 00367nam a22001097a 4500
005 20241017092517.0
008 241017b |||||||| |||| 00| 0 eng d
245 _aCelebrate Philippine heritage at Lakbay Museo /
260 _aPhilippines;
_bPhilippine Graphic Publishing Inc.,
_cAugust 2019.
300 _aVolume 20, pages 32-33,
_billustration.
942 _2ddc
_cPER
999 _c22634
_d22634